| 000 | 00563cam a2200193 a 4500 | ||
|---|---|---|---|
| 001 | 000008614 | ||
| 005 | 20200929161355.0 | ||
| 008 | 790515s1977 cu 000 1 spa | ||
| 040 |
_aDO-SdBNP _bspa _cBNPHU |
||
| 082 |
_aCu863.44 _bM152p |
||
| 100 | 1 |
_aMaciá Ferrer, Nora. _923043 |
|
| 245 | 1 | 4 |
_aLas protagonistas / _cNora Maciá Ferrer. |
| 260 |
_aLa Habana : _bUnión de Escritores y Artistas de Cuba, _c1977. |
||
| 300 |
_a50 p. ; _c18 cm. |
||
| 490 | 1 | _aDavid | |
| 650 | 4 |
_aNovela cubana _92316 |
|
| 650 | 4 |
_aLiteratura cubana _91483 |
|
| 830 | 0 |
_aDavid _923044 |
|
| 999 |
_c8384 _d8384 |
||